000 01090nam a2200325 4500
001 143789
003 SpMaBN
005 20240418143804.0
008 990930s1978 sp | ||| ||spa
016 7 _abimoBNE19996155535
_2SpMaBN
017 _aNA 694-1978
_bOficina Depósito Legal Navarra
020 _a8473860888
035 _a(OCoLC)432804632
040 _aSpMaBN
_bspa
_cSpMaBN
_erdc
_dES-MaACL
080 _a820-31"19"
100 0 _aSheldon, Sidney
_d1917-2007
_0XX970514
_9227307
240 1 4 _aThe other side of midnight
_lEspañol
245 1 0 _aMás allá de la medianoche /
_cSidney Sheldon ; [traducción, Marta Isabel Gustavino]
260 _aMadrid :
_bUltramar,
_c1978
300 _a347 p. ;
_c18 cm
490 0 _aUltramar Bolsillo
_v3
650 7 _aNovela norteamericana
_2
_9146954
650 0 _9227278
_aLiteratura norteamericana
_yS. XX
650 7 _aNovelas
_2embne
_9233904
700 1 _aGuastavino, Marta I.
_960368
852 _aES-MaACL
_9148985
_bR.97723
_jA-8706
_cDEPO1
942 _2udc
_cMONOGRAFIA
999 _c143789
_d143789